LIBRARY & INFORMATION CENTRE, KCAET, TAVANUR

ONLINE PUBLIC ACCESS CATALOGUE (OPAC)

Wind energy for water pumping : From policy to action / (Record no. 2025)

MARC details
000 -LEADER
fixed length control field 00492cam a2200181ua 4500
003 - CONTROL NUMBER IDENTIFIER
control field OSt
008 - FIXED-LENGTH DATA ELEMENTS--GENERAL INFORMATION
fixed length control field 241223b |||||||| |||| 00| 0 eng d
020 ## - INTERNATIONAL STANDARD BOOK NUMBER
ISBN 81-204-0251-0
041 ## - LANGUAGE CODE
Language code of text/sound track or separate title eng
082 ## - DEWEY DECIMAL CLASSIFICATION NUMBER
Classification number 621.47
Item number SRI/WI
100 ## - MAIN ENTRY--AUTHOR NAME
Personal name Srivastava, U K .
245 ## - TITLE STATEMENT
Title Wind energy for water pumping : From policy to action /
250 ## - EDITION STATEMENT
Edition statement 1 /
260 ## - PUBLICATION, DISTRIBUTION, ETC. (IMPRINT)
Place of publication New Delhi :
Name of publisher Oxford & IBH Publishing company ,
Year of publication 1987.
300 ## - PHYSICAL DESCRIPTION
Number of Pages 83 ; .
700 1# - ADDED ENTRY--PERSONAL NAME
Personal name Girija, Sharan .
942 ## - ADDED ENTRY ELEMENTS (KOHA)
Koha item type Books
Holdings
Withdrawn status Lost status Damaged status Home library Current library Date acquired Full call number Accession Number Koha item type
      KAUAET KAUAET 07/04/2012 621.47 SRI/WI 16995 Books
      KAUAET KAUAET 07/04/2012 621.47 SRI/WI 16957 Books
free website counter